Wittgenstein on the arbitrariness of grammar (Record no. 63316)
[ view plain ]
| 000 -LEADER | |
|---|---|
| fixed length control field | 01304nam a2200313 a 4500 |
| 082 04 - DEWEY DECIMAL CLASSIFICATION NUMBER | |
| Classification number | 121/.68 |
| 100 1# - MAIN ENTRY--AUTHOR NAME | |
| Personal name | Forster, Michael N. |
| 245 10 - TITLE STATEMENT | |
| Title | Wittgenstein on the arbitrariness of grammar |
| 260 ## - PUBLICATION, DISTRIBUTION, ETC. (IMPRINT) | |
| Place of publication | Princeton, N.J. : |
| Name of publisher | Princeton University Press, |
| Year of publication | c2004. |
| 300 ## - PHYSICAL DESCRIPTION | |
| Number of Pages | xiii, 247 p. |
| 505 0# - FORMATTED CONTENTS NOTE | |
| Formatted contents note | Pt. 1. Grammar, arbitrariness, non-arbitrariness -- pt. 2.The diversity thesis. |
| 650 #0 - SUBJECT ADDED ENTRY--TOPICAL TERM | |
| Topical Term | Grammar, Comparative and general. |
| 856 40 - ELECTRONIC LOCATION AND ACCESS | |
| Uniform Resource Identifier | http://site.ebrary.com/lib/rucke/Doc?id=10312566 |
No items available.
